University Home | Library Home | Institutional Repository

Handbuch der Pflanzenphysiologie / (Record no. 160751)

MARC details
000 -LEADER
fixed length control field 02400cam3a220051701 4500
001 - CONTROL NUMBER
control field qce00828710
005 - DATE AND TIME OF LATEST TRANSACTION
control field 20190826094647.0
008 - FIXED-LENGTH DATA ELEMENTS--GENERAL INFORMATION
fixed length control field 740326m19559999gw 000 0 ger u
010 ## - LIBRARY OF CONGRESS CONTROL NUMBER
LC control number 56003135
035 ## - SYSTEM CONTROL NUMBER
System control number (Sirsi) r17161
035 ## - SYSTEM CONTROL NUMBER
System control number (QCAT)lss00550148
035 ## - SYSTEM CONTROL NUMBER
System control number (UPRA)qce00828710
040 ## - CATALOGING SOURCE
Modifying agency UPRA
050 ## - LIBRARY OF CONGRESS CALL NUMBER
Classification number QK711
Item number .R83
245 00 - TITLE STATEMENT
Title Handbuch der Pflanzenphysiologie /
Statement of responsibility, etc. hrsg. von W. Ruhland in Gemeinschaft mit E. Ashby [et al.].
260 ## - PUBLICATION, DISTRIBUTION, ETC.
Place of publication, distribution, etc. Berlin :
Name of publisher, distributor, etc. Springer,
Date of publication, distribution, etc. 1955-
300 ## - PHYSICAL DESCRIPTION
Extent v. : ill. ; 26 cm.
Other physical details v. : ill. ; 26 cm.
Dimensions v. : ill. ; 26 cm.
500 ## - GENERAL NOTE
General note Contributions in German or English; added t. p.: Encyclopedia of plant physiology.
504 ## - BIBLIOGRAPHY, ETC. NOTE
Bibliography, etc. note Includes bibliographies.
650 #0 - SUBJECT ADDED ENTRY--TOPICAL TERM
Topical term or geographic name entry element Plant physiology.
Linkage S640.1
700 1# - ADDED ENTRY--PERSONAL NAME
Personal name Ruhland, W. (Wilhelm), 1878-1960.
Fuller form of name Ruhland, W. (Wilhelm), 1878-1960.
Dates associated with a name Ruhland, W. (Wilhelm), 1878-1960.
Linkage A75036.1
740 0# - ADDED ENTRY--UNCONTROLLED RELATED/ANALYTICAL TITLE
Uncontrolled related/analytical title Encyclopedia of plant physiology.
949 ## - LOCAL PROCESSING INFORMATION (OCLC)
a QK711
v VOL. 1
w lcc
i -12493
m MAIN
t BOOK
l ON-SHELF
949 ## - LOCAL PROCESSING INFORMATION (OCLC)
a QK711
v VOL. 2
w lcc
i -12494
m MAIN
t BOOK
l ON-SHELF
949 ## - LOCAL PROCESSING INFORMATION (OCLC)
a QK711
v VOL. 3
w lcc
i -12495
m MAIN
t BOOK
l ON-SHELF
949 ## - LOCAL PROCESSING INFORMATION (OCLC)
a QK711
v VOL. 4
w lcc
i -12496
m MAIN
t BOOK
l ON-SHELF
949 ## - LOCAL PROCESSING INFORMATION (OCLC)
a QK711
v VOL. 5
w lcc
i -12497
m MAIN
t BOOK
l ON-SHELF
949 ## - LOCAL PROCESSING INFORMATION (OCLC)
a QK711
v VOL. 5
w lcc
i -12498
m MAIN
t BOOK
l ON-SHELF
949 ## - LOCAL PROCESSING INFORMATION (OCLC)
a QK711
v VOL. 6
w lcc
i -12499
m MAIN
t BOOK
l ON-SHELF
949 ## - LOCAL PROCESSING INFORMATION (OCLC)
a QK711
v VOL. 7
w lcc
i -12500
m MAIN
t BOOK
l ON-SHELF
949 ## - LOCAL PROCESSING INFORMATION (OCLC)
a QK711
v VOL. 8
w lcc
i -12501
m MAIN
t BOOK
l ON-SHELF
949 ## - LOCAL PROCESSING INFORMATION (OCLC)
a QK711
v VOL. 9
w lcc
i -12502
m MAIN
t BOOK
l ON-SHELF
949 ## - LOCAL PROCESSING INFORMATION (OCLC)
a QK711
v VOL. 10
w lcc
i -12503
m MAIN
t BOOK
l ON-SHELF
949 ## - LOCAL PROCESSING INFORMATION (OCLC)
a QK711
v VOL. 11
w lcc
i -12504
m MAIN
t BOOK
l ON-SHELF
949 ## - LOCAL PROCESSING INFORMATION (OCLC)
a QK711
v VOL. 12
w lcc
i -12505
m MAIN
t BOOK
l ON-SHELF
949 ## - LOCAL PROCESSING INFORMATION (OCLC)
a QK711
v VOL. 12
w lcc
i -12506
m MAIN
t BOOK
l ON-SHELF
949 ## - LOCAL PROCESSING INFORMATION (OCLC)
a QK711
v VOL. 13
w lcc
i -12507
m MAIN
t BOOK
l ON-SHELF
949 ## - LOCAL PROCESSING INFORMATION (OCLC)
a QK711
v VOL. 14
w lcc
i -12508
m MAIN
t BOOK
l ON-SHELF
949 ## - LOCAL PROCESSING INFORMATION (OCLC)
a QK711
v VOL. 15
w lcc
i -12509
m MAIN
t BOOK
l ON-SHELF
949 ## - LOCAL PROCESSING INFORMATION (OCLC)
a QK711
v VOL. 15
w lcc
i -12510
m MAIN
t BOOK
l ON-SHELF
949 ## - LOCAL PROCESSING INFORMATION (OCLC)
a QK711
v VOL. 16
w lcc
i -12511
m MAIN
t BOOK
l ON-SHELF
949 ## - LOCAL PROCESSING INFORMATION (OCLC)
a QK711
v VOL. 17
w lcc
i -12512
m MAIN
t BOOK
l ON-SHELF
949 ## - LOCAL PROCESSING INFORMATION (OCLC)
a QK711
v VOL. 17
w lcc
i -12513
m MAIN
t BOOK
l ON-SHELF
949 ## - LOCAL PROCESSING INFORMATION (OCLC)
a QK711
v VOL. 18
w lcc
i -12514
m MAIN
t BOOK
l ON-SHELF

No items available.

© 2026 - The University of Zambia Library - Koha v25.11